00299nam a2200133Ia 4500008004100000020001500041041001200056082001600068100001400084245001700098260002800115300000800143650001400151221030s9999 xx 000 0 und d a8185015554 aEnglish a105.23bHar aF. Harary 0aGraph Theory bNarosa PubaDelhic2001 a286 aComputers